Classification décimale de Dewey - Statistiques

Statistiques générales
  • Ce quiz a été pris 11 fois
  • Le résultat moyen est 8 sur 10
Statistiques - réponses
Indice Classe principale % Correct
900 Géographie, Histoire et disciplines auxiliaires
100%
800 Littérature (Belles-Lettres) et techniques d’écriture
90%
200 Religions
90%
700 Arts, Loisirs et Sports
80%
400 Langues
80%
000 Informatique, information, ouvrages généraux
70%
100 Philosophie, Parapsychologie et Occultisme, Psychologie
70%
500 Sciences de la nature et mathématiques
70%
300 Sciences sociales
70%
600 Technologie (Sciences appliquées)
40%
Aucun quiz correspondant
Distribution des résultats
% des personnes avec chaque résultat
Percentile par nombre de réponses
Votre historique - résultats
Vous n’avez pas pris ce quiz